=LDR 00000nam 2200000 4500 =001 INLIS000000000031528 =005 20130612133608 =008 ***********************************ind** =035 ##$$0010-061300000031528 =041 ##$$a ind =082 ##$$a 028.55 =090 ##$$a 028.55, San, i =100 ##$$a SANJARI, Anno D =245 ##$$a Indahnya Kecerdasan Dari Kisah Ali Bin Abu Thalib , Anno D. Sanjari;Editor,Tim Redaksi Wahana =260 ##$$a Wahana Iptek $b Bandung =300 ##$$a 36 hlm, , ilus., , 12 cm =650 ##$$a BACAAN KANAK-KANAK =850 ##$$a NBPNMAT =990 ##$$a 3129731297 =990 ##$$a 20903898